1921 1652 1570 1382 1927 1496 1728 1946 1865 1677 1365 1308 1332 1153 1744 1131 1302 1487 1109 1971 1327 1446 1349 1692 1807 1328 1824 1219 1806 1142 1782 1214 1057 1955 1571 1202 1391 1954 1040 1955 1013 1019 1919 1994 1611 1274 1410 1476 1189 1634 1356 1659 1485 1488 1256 1372 1726 1107 1630 1369 1236 1634 1131 1113 1541 1081 1584 1644 1352 1594 1575 1879 1357 1946 1086 1227 1957 1969 1971 1408 1831 1408 1229 1483 1184 1189 1042 1060 1053 1385 1319 1462 1473 1364 1514 1955 1262 1759 1414 BCNSPRNW ULIB Ver.6.0+V

เปลี่ยนเป็นภาษาไทย

Change to English
 แสดงรายละเอียดบรรณานุกรม
  กลับหน้าหลัก

Brief Record : Get Marc (ISO 2709) : E-mail record : QR code < ปิดหน้าต่าง
LEADER : 00000nam 2200000uu 4500
001    13399109965
003     ULIB
008    110419s2550||||th 000 0 tha d
020    9789748824000
060 04 WE720^bส854ป 2550
100 0  สุรศักดิ์ ศรีสุข
245 10 ปวดหลัง /^cโดย สุรศักดิ์ ศรีสุข, เล็ก ปริวิสุทธิ์,นวลอนงค์ ชัยปิยะพร
250    พิมพ์ครั้งที่ 7
260    กรุงเทพฯ :^bหมอชาวบ้าน,^c2550
300    44 หน้า :^bภาพประกอบ ;^c21 ซม.
440  0 คู่มือรักษาตนเองชุดปวดข้อ
650  7 ปวดหลัง
650  7 ปวดหลัง^xการรักษาด้วยการออกกำลังกาย
700 0  เล็ก ปริวิสุทธิ์
700 0  นวลอนงค์ ชัยปิยะพร
945    ^p50^l0^i025336
945    ^p50^l0^i025335
995    ทศพร
999 ^a ใช้งานได้ทุกระบบ
รายการนี้ยังไม่มีแท็ก
คุณยังไม่ได้ล็อกอิน คุณสามารถมีกิจกรรมร่วมกับเว็บไซต์ได้ แต่ต้องล็อกอินก่อน ::
  ล็อกอิน

รายการสื่อสารสนเทศ

ลำดับที่ ประเภท เลขเรียก/บาร์โค้ด สถานที่ สถานะ
- ไม่พบข้อมูล -

รายการใกล้เคียง
    ผู้แต่ง [สุรศักดิ์ ศรีสุข]

    หัวเรื่อง [ปวดหลัง]

BibComment


ยังไม่เคยถูกคอมเมนท์

คอมเมนท์ทรัพยากรรายการนี้
  คอมเมนท์: ปวดหลัง โดย สุรศ..


 Copyright 2026. Bcnsprnw @Library